000 01041nam a2200253 4500
005 20160525163015.0
008 160525s2015 ck a||||r|||| 00| 0 spa d
020 _a9789589365779
040 _aCO-BoIAVH
_cCO-BoIAVH
041 0 _aspa
044 _ack
082 0 4 _a577.38071
_bP98a6
100 1 _aRíos, Carlos Manolo
_eautor
245 1 4 _aLas plantas maderables de páramo y saberes campesinos /
_cCarlos Manolo Ríos
260 _aBogotá :
_bTropenbos Internacional Colombia :
_bUICN Sur,
_c2015.
300 _a35 páginas :
_bilustraciones a color ;
_c17 x 22 cm.
500 _aProyecto comunidades de los páramos, fortaleciendo las capacidades y la coordinación para la adaptación a los efectos del cambio climático.
650 2 6 _aPlantas leñosas
_xpáramos
650 2 6 _aPlantas maderables
_xpáramos
650 2 4 _aPoblación rural
_xconocimientos y costumbres
650 2 4 _aCampesinos
_xconocimientos y costumbres
662 _aColombia
_bPáramo de Chingaza
942 _2ddc
_cLIBRO
999 _c18745
_d18745